000 00730nam a2200289Ia 4500
005 20260324121102.0
008 008 260324s9999 xx 000 0 eng d
020 _a9781315704609
037 _aEBOOK
040 _aCRL
040 _beng
040 _cCRL
041 _2eng
041 _aeng
084 _qCRL
100 _aGeorge Vozikis; Timothy Mescon; Howard Feldman; Eric W Liguori
_91161138
245 0 _aEntrepreneurship
245 0 _bVenture Initiation, Management and Development
260 _bTaylor and Francis
260 _c2014
365 _a
365 _b350
856 _uhttp://www.taylorfrancis.com/books/9781315704609
942 _cEBOOK
999 _c1753011
_d1753011